Statistics for African Countries Not Touching the Sea

Click here to take the quiz!

General Stats

  • This quiz has been taken 51 times
    (15 since last reset)
  • The average score is 13 of 16

Answer Stats

Answer% Correct
Chad
93%
Niger
93%
Rwanda
86%
South Sudan
86%
Uganda
86%
Burkina Faso
79%
Burundi
79%
Central African Republic
79%
Lesotho
79%
Zambia
79%
Zimbabwe
79%
Eswatini
71%
Ethiopia
71%
Mali
71%
Botswana
64%
Malawi
64%

Score Distribution

Percentile by Number Answered

Percent of People with Each Score

Your Score History

You have not taken this quiz since the last reset